000 00673cam a22002413a 4500
001 17196
003 PGUSA
005 20140828083352.0
008 051202s2005||||xxu|||||s|||||000 | eng d
040 _aPGUSA
_beng
042 _adc
050 4 _aHB
100 1 _aRae, John,
_d1845-1915
245 1 0 _aLife of Adam Smith
_h[electronic resource] /
_cJohn Rae
260 _bProject Gutenberg,
_c2005
506 _aPublic domain in the USA.
516 _aElectronic text
653 _aEconomists -- Great Britain -- Biography
653 _aSmith, Adam, 1723-1790
830 0 _aProject Gutenberg
_v17196
856 4 0 _uhttp://www.gutenberg.org/ebooks/17196
942 _cEB
999 _c246451
_d246451